000 00690nam a2200217 i 4500
001 bgj
100 1 _aTERRAINE, John
245 1 0 _aTo win a war :
_b1918 the year of the victory /
_cJohn Terraine.
260 _aLondon :
_bSidgwick & Jackson,
_c1978.
300 _a283, [1], [8 leaves of plates] pp :
_bill., maps ;
_c24 cm.
505 _aIncludes index.
650 9 _aWorld War, 1914-1918
_xCampaigns
_zWestern Front
650 9 _aWorld War, 1914-1918
_xCampaigns
_zFrance
651 9 _aFrance
_xHistory
_yGerman occupation, 1914-1918
020 _a0283984848
040 _cBPK
041 0 _aeng
920 _a0-283-98484-8
942 _cKS
008 s uk f |000 0 eng
999 _c47467
_d47467
856 _uhttp://koha.tu.koszalin.pl/cgi-bin/koha/opac-detail.pl?biblionumber=47467
_yKatalog online BPK